[Event "Steinfurt Bezirksklasse 1011"]
[Site "Germany"]
[Date "2011.01.16"]
[Round "5.4"]
[White "Blomquist, Pontus"]
[Black "Wissing, Philipp"]
[Result "1-0"]
[WhiteElo "1391"]
[BlackElo "1024"]
[PlyCount "61"]
[EventDate "2010.09.25"]
[EventType "team-tourn"]
[EventRounds "9"]
[EventCountry "GER"]
[SourceTitle "EXT 2012"]
[Source "ChessBase"]
[SourceDate "2011.11.24"]
[SourceVersion "1"]
[SourceVersionDate "2011.11.24"]
[SourceQuality "1"]
[WhiteTeam "Nordwalde II"]
[BlackTeam "Emsdetten Turm IV"]
[WhiteTeamCountry "GER"]
[BlackTeamCountry "GER"]

1. e4 c5 2. Nf3 Nc6 3. Bc4 e6 4. Nc3 Nf6 5. 0-0 Nxe4 6. Nxe4 d5 7. Nxc5 Bxc5 8. Bb3 0-0 9. d4 Bd6 10. c3 b6 11. Bc2 e5 12. dxe5 Bxe5 13. Re1 Qd6 14. Nxe5 Nxe5 15. Bf4 Re8 16. Qd4 f6 17. Bb3 Bb7 18. Rad1 Rad8 19. c4 g5 20. Bg3 h5 21. cxd5 h4 22. Bxe5 Rxe5 23. Rxe5 fxe5 24. Qg4 Qg6 25. d6+ Kf8 26. d7 Ke7 27. Qb4+ Kf6 28. Rd6+ Kg7 29. Rxg6+ Kxg6 30. Bc2+ Kh6 31. Qd6+ 1-0

[Event "Steinfurt Bezirksklasse 0607"]
[Site "Germany"]
[Date "2007.03.17"]
[Round "6.2"]
[White "Bloemker, Martin"]
[Black "Blomquist, Pontus"]
[Result "1-0"]
[WhiteElo "1371"]
[BlackElo "1196"]
[PlyCount "43"]
[EventDate "2006.09.30"]
[EventType "team-tourn"]
[EventRounds "7"]
[EventCountry "GER"]
[SourceTitle "EXT 2008"]
[Source "ChessBase"]
[SourceDate "2007.11.25"]
[SourceVersion "1"]
[SourceVersionDate "2007.11.25"]
[SourceQuality "1"]
[WhiteTeam "Steinfurt IV"]
[BlackTeam "Nordwalde III"]
[WhiteTeamCountry "GER"]
[BlackTeamCountry "GER"]

1. Nf3 Nc6 2. c4 e6 3. g3 Nf6 4. Bg2 d5 5. b3 Bd6 6. Bb2 0-0 7. 0-0 Ne7 8. Qc2 c5 9. Ng5 Ng6 10. d4 b6 11. e4 cxd4 12. Bxd4 dxc4 13. Qxc4 Bb7 14. Nd2 Be5 15. Ndf3 Bxe4 16. Nxe5 Bxg2 17. Kxg2 Rc8 18. Qb4 Nd5 19. Qd2 Nxe5 20. Bxe5 f6 21. Nxe6 Nf4+ 22. Bxf4 1-0

[Event "Steinfurt Bezirksklasse 0506"]
[Site "Germany"]
[Date "2005.10.22"]
[Round "2.7"]
[White "Blomquist, Pontus"]
[Black "Wehner, Siegfried"]
[Result "0-1"]
[WhiteElo "1276"]
[BlackElo "1546"]
[PlyCount "124"]
[EventDate "2005.09.10"]
[EventType "team-tourn"]
[EventRounds "7"]
[EventCountry "GER"]
[SourceTitle "EXT 2006"]
[Source "ChessBase"]
[SourceDate "2005.11.24"]
[SourceVersion "1"]
[SourceVersionDate "2005.11.24"]
[SourceQuality "1"]
[WhiteTeam "Nordwalde II"]
[BlackTeam "Reckenfeld II"]
[WhiteTeamCountry "GER"]
[BlackTeamCountry "GER"]

1. e4 d6 2. d4 Nf6 3. Nc3 g6 4. Nf3 Bg7 5. Bc4 0-0 6. 0-0 c6 7. d5 b5 8. Bb3 b4 9. Ne2 Nxe4 10. Bf4 Bxb2 11. Rb1 Nc3 12. Nxc3 Bxc3 13. Qe2 Ba6 14. Bc4 Bxc4 15. Qxc4 c5 16. Rfd1 Nd7 17. Rd3 a5 18. a4 Qe8 19. Bh6 Bg7 20. Qh4 f6 21. Bd2 Ne5 22. Nxe5 fxe5 23. Rh3 h5 24. g4 Bf6 25. Bg5 Qf7 26. gxh5 Bxg5 27. Qxg5 Qxf2+ 28. Kh1 Qf5 29. Rg1 Qe4+ 30. Qg2 Qxg2+ 31. Rxg2 Rf1+ 32. Rg1 Rxg1+ 33. Kxg1 gxh5 34. Rxh5 Kg7 35. Rg5+ Kf6 36. h4 Rh8 37. Rg4 Rh6 38. Kf2 Rh5 39. Ke3 Rf5 40. Rg1 Rf4 41. h5 Rh4 42. Rg6+ Kf7 43. Rg5 Rh2 44. Kd3 Rh3+ 45. Kd2 c4 46. Kc1 c3 47. Kd1 Kf6 48. Rg6+ Kf7 49. Rg5 Rh4 50. Ke2 Rh2+ 51. Kd1 e4 52. h6 Rxh6 53. Rg4 Rh2 54. Rxe4 Rd2+ 55. Kc1 Rxd5 56. Rf4+ Ke6 57. Re4+ Re5 58. Rxe5+ Kxe5 59. Kd1 d5 60. Ke2 Ke4 61. Kf2 d4 62. Ke2 e5 0-1

[Event "Steinfurt Bezirksklasse 0405"]
[Site "Germany"]
[Date "2005.01.29"]
[Round "6.4"]
[White "Blomquist, Pontus"]
[Black "Weiss, Katharina"]
[Result "1/2-1/2"]
[WhiteElo "1230"]
[BlackElo "1461"]
[PlyCount "71"]
[EventDate "2004.09.18"]
[EventType "team-tourn"]
[EventRounds "11"]
[EventCountry "GER"]
[SourceTitle "EXT 2006"]
[Source "ChessBase"]
[SourceDate "2005.11.24"]
[SourceVersion "1"]
[SourceVersionDate "2005.11.24"]
[SourceQuality "1"]
[WhiteTeam "Nordwalde III"]
[BlackTeam "Rheine SG"]
[WhiteTeamCountry "GER"]
[BlackTeamCountry "GER"]

1. e4 e5 2. Nf3 Nc6 3. Bc4 h6 4. Nc3 Bc5 5. d3 d6 6. h3 a6 7. 0-0 Nge7 8. Re1 f5 9. a3 f4 10. b4 Ba7 11. Nd5 Ng8 12. Nh4 Qxh4 13. Nxc7+ Kd7 14. Nxa8 Bxf2+ 15. Kf1 Bxe1 16. Qxe1 Qxe1+ 17. Kxe1 Nd4 18. Kd1 Ne7 19. Nb6+ Kc7 20. Nxc8 Rxc8 21. Bd2 Ng6 22. Be1 Rf8 23. c3 f3 24. gxf3 Nxf3 25. Ra2 Nxe1 26. Kxe1 Nh4 27. Rf2 Rxf2 28. Kxf2 Ng6 29. Kg3 b5 30. Bb3 Nf4 31. Bc2 Ne2+ 32. Kg4 Kd7 33. c4 bxc4 34. dxc4 Nf4 35. a4 Kc6 36. a5 1/2-1/2

[Event "Steinfurt Bezirksliga 0405"]
[Site "Germany"]
[Date "2005.01.15"]
[Round "5.8"]
[White "Blomquist, Pontus"]
[Black "Reuter, Alfred J"]
[Result "0-1"]
[WhiteElo "1291"]
[BlackElo "1510"]
[PlyCount "56"]
[EventDate "2004.09.25"]
[EventType "team-tourn"]
[EventRounds "11"]
[EventCountry "GER"]
[SourceTitle "EXT 2006"]
[Source "ChessBase"]
[SourceDate "2005.11.24"]
[SourceVersion "1"]
[SourceVersionDate "2005.11.24"]
[SourceQuality "1"]
[WhiteTeam "Nordwalde II"]
[BlackTeam "Ibbenbueren II"]
[WhiteTeamCountry "GER"]
[BlackTeamCountry "GER"]

1. e4 e5 2. Nf3 Nc6 3. Bc4 Nf6 4. Nc3 Nxe4 5. Nxe4 d5 6. Bxd5 Qxd5 7. d3 Bg4 8. Be3 0-0-0 9. 0-0 Be7 10. Nc3 Qa5 11. Qe2 f5 12. g3 h5 13. h4 Rhg8 14. Kg2 g5 15. Rh1 f4 16. Bd2 Qc5 17. Qe4 Bxf3+ 18. Qxf3 gxh4 19. Qxh5 hxg3 20. f3 Qb6 21. Ne4 Qxb2 22. Rac1 Qxa2 23. Qf5+ Kb8 24. Nf6 Bxf6 25. Qxf6 Rxd3 26. cxd3 Qxd2+ 27. Kh3 g2 28. Rhg1 Qf2 0-1